[Event "ZICOSUR 2016"]
[Site "?"]
[Date "2016.01.07"]
[Round "5.45"]
[White "OLIVA, Carlos"]
[Black "PINILLA, Sofia"]
[Result "1-0"]
[WhiteElo "2063"]
[BlackElo "1771"]
[PlyCount "77"]
[EventDate "2016.??.??"]

1. e4 e5 2. Nf3 Nc6 3. Bb5 g6 4. d4 exd4 5. Nxd4 Bg7 6. Be3 Nge7 7. Nc3 O-O 8.
O-O h6 9. f4 d6 10. Bxc6 Nxc6 11. Nxc6 bxc6 12. f5 Kh7 13. Bd4 Bxd4+ 14. Qxd4
Bb7 15. Rf3 c5 16. Qf2 g5 17. f6 Rg8 18. Re1 Qd7 19. Nd5 Bxd5 20. exd5 Raf8 21.
c3 Qa4 22. b3 Qb5 23. Qc2+ Rg6 24. Re7 Qb6 25. c4 Qb8 26. Qf5 Qd8 27. Qd7 Qxd7
28. Rxd7 Rc8 29. Rxf7+ Kg8 30. Re7 Kf8 31. Rd7 Ke8 32. Rh7 Kf8 33. Rh8+ Rg8 34.
Rxh6 Kf7 35. Rh7+ Kg6 36. Rd7 Kh6 37. Re3 Kg6 38. f7 Rgf8 39. Ree7 1-0

[Event "Zicosur 2016"]
[Site "?"]
[Date "2016.01.07"]
[Round "5.15"]
[White "HURTADO, Pablo"]
[Black "BELLI, Mario"]
[Result "1/2-1/2"]
[WhiteElo "2133"]
[BlackElo "2404"]
[PlyCount "40"]
[EventDate "2016.??.??"]

1. e4 e5 2. Nf3 Nf6 3. Nxe5 d6 4. Nf3 Nxe4 5. Nc3 Nf6 6. d4 Be7 7. Be2 Bg4 8.
h3 Bxf3 9. Bxf3 d5 10. O-O O-O 11. Qd3 c6 12. Bf4 Bd6 13. Bxd6 Qxd6 14. Rae1
Nbd7 15. Re2 Rfe8 16. Rfe1 Rxe2 17. Rxe2 Re8 18. Rxe8+ Nxe8 19. Qf5 Nef6 20. a3
g6 1/2-1/2

[Event "ZICOSUR 2016"]
[Site "?"]
[Date "2016.01.07"]
[Round "5.41"]
[White "MONTERO, Cristhian"]
[Black "AGUIRRE, Joaquin"]
[Result "1-0"]
[WhiteElo "2162"]
[BlackElo "1557"]
[PlyCount "55"]
[EventDate "2016.??.??"]

1. d4 Nf6 2. Nf3 e6 3. Bg5 d5 4. e3 c5 5. c3 Bd6 6. Nbd2 Nbd7 7. Bd3 Qc7 8. Qe2
h6 9. Bh4 O-O 10. e4 e5 11. dxe5 Bxe5 12. Nxe5 Qxe5 13. Bg3 Qe7 14. O-O Nb6 15.
e5 Nh7 16. f4 Bd7 17. Rae1 Rfe8 18. Nf3 Bg4 19. h3 Bxf3 20. Rxf3 a6 21. Bf2 Nd7
22. Bxh7+ Kxh7 23. Qd3+ Kh8 24. Qxd5 Red8 25. Qe4 b5 26. f5 f6 27. exf6 Qxf6
28. Bh4 1-0

[Event "Zicosur 2016"]
[Site "?"]
[Date "2016.01.07"]
[Round "5.47"]
[White "POBLETE, Pablo"]
[Black "SILVA, Franco"]
[Result "1-0"]
[WhiteElo "1999"]
[BlackElo "1557"]
[PlyCount "81"]
[EventDate "2016.??.??"]

1. e4 e5 2. Nf3 Nc6 3. d4 exd4 4. Nxd4 Bc5 5. Be3 Bb6 6. Nf5 Qf6 7. Nc3 Nge7 8.
Bxb6 axb6 9. Ne3 O-O 10. Be2 Ng6 11. Ned5 Qd8 12. O-O Nce7 13. Ne3 d6 14. f4 f5
15. Bc4+ Kh8 16. g3 fxe4 17. Nxe4 Nf5 18. Nxf5 Bxf5 19. Ng5 Qd7 20. Re1 h6 21.
Be6 Bxe6 22. Rxe6 Nxf4 23. gxf4 hxg5 24. Qg4 Qf7 25. Rf1 Kg8 26. f5 Ra5 27. f6
Re5 28. Rxe5 dxe5 29. Qxg5 Qd7 30. Qxg7+ Qxg7+ 31. fxg7 Re8 32. Rf8+ Rxf8 33.
gxf8=Q+ Kxf8 34. Kf2 Ke7 35. Ke3 Kf6 36. Ke4 b5 37. h4 b6 38. h5 Kg5 39. Kxe5
Kxh5 40. Kd5 c5 41. Kc6 1-0

[Event "zicosur 2016"]
[Site "?"]
[Date "2016.01.07"]
[Round "5.60"]
[White "MUÑOZ, Mauricio"]
[Black "MAMANI, Julio"]
[Result "0-1"]
[WhiteElo "1533"]
[BlackElo "1362"]
[PlyCount "103"]
[EventDate "2016.??.??"]

1. e4 d6 2. d4 g6 3. c4 Bg7 4. Nf3 b6 5. Nc3 c5 6. d5 Nf6 7. Bd3 O-O 8. O-O Ng4
9. h3 Ne5 10. Be2 Ba6 11. b3 Nxf3+ 12. Bxf3 Bxc3 13. Rb1 Nd7 14. h4 b5 15. h5
bxc4 16. Qc2 Be5 17. bxc4 Nb6 18. Be2 gxh5 19. f4 Bd4+ 20. Kh1 e6 21. Rb3 h4
22. Rh3 Bf6 23. g4 Bd4 24. Bd3 e5 25. f5 Kh8 26. g5 Rg8 27. f6 Rg6 28. Rxh4 Nd7
29. Qh2 Qg8 30. Rf3 Bc8 31. Be2 Nxf6 32. Rxf6 Rxf6 33. gxf6 Rb8 34. Bd3 Bg4 35.
Qg3 Bf3+ 36. Kh2 Qxg3+ 37. Kxg3 Bd1 38. Bh6 Rb2 39. Rh2 Rxh2 40. Kxh2 Kg8 41.
Kg2 Bc3 42. Kh2 Ba5 43. Bg7 h5 44. Kg3 Be1+ 45. Kh2 h4 46. Bh6 Bg3+ 47. Kg2 Be1
48. Be3 Kh7 49. Bf1 Kg6 50. Kh2 Kxf6 51. Bh3 Be2 52. Bf5 0-1

[Event "Zicosur 2016"]
[Site "?"]
[Date "2016.01.07"]
[Round "5.34"]
[White "RIQUELME, Nicolas"]
[Black "DONOSO, Sebastian"]
[Result "0-1"]
[WhiteElo "1847"]
[BlackElo "2109"]
[PlyCount "108"]
[EventDate "2016.??.??"]

1. e4 e5 2. Nf3 Nc6 3. Bb5 a6 4. Ba4 Nf6 5. O-O Be7 6. d3 b5 7. Bb3 O-O 8. Nc3
d6 9. a3 Bb7 10. Re1 Na5 11. Ba2 c5 12. Ne2 Re8 13. Ng5 d5 14. exd5 Bxd5 15.
Bxd5 Nxd5 16. Ne4 f5 17. N4c3 Bf6 18. Nxd5 Qxd5 19. Nc3 Qd7 20. Bd2 Nc6 21. Qb1
e4 22. Qa2+ Kh8 23. Qd5 Red8 24. Qxd7 Rxd7 25. Be3 Bxc3 26. bxc3 exd3 27. Rad1
c4 28. f4 Kg8 29. Bc5 Rd5 30. Bf2 Rad8 31. cxd3 Rxd3 32. Rxd3 Rxd3 33. Re3 Rxe3
34. Bxe3 Kf7 35. g3 Ke6 36. Kf2 a5 37. Bc5 Nb8 38. Bb6 Nc6 39. Bc5 Kd5 40. Bf8
g6 41. Ke3 Nb8 42. Be7 Na6 43. Bd8 b4 44. axb4 axb4 45. cxb4 Nxb4 46. Kd2 Nc6
47. Bf6 Nd4 48. Ke3 Nb5 49. Be5 Kc5 50. Kd2 Kb4 51. Kc2 c3 52. Bf6 Kc4 53. Kd1
Kd3 54. Kc1 Nd4 0-1

[Event "Zicosur 2016"]
[Site "?"]
[Date "2016.01.07"]
[Round "5.10"]
[White "DUARTE, Leonardo"]
[Black "VALENZUELA, Luis"]
[Result "1/2-1/2"]
[WhiteElo "2338"]
[BlackElo "2458"]
[PlyCount "50"]
[EventDate "2016.??.??"]

1. e4 c5 2. Nf3 d6 3. d4 cxd4 4. Nxd4 Nf6 5. Nc3 a6 6. Be2 e5 7. Nb3 Be7 8. O-O
O-O 9. Be3 Be6 10. Qd3 Nbd7 11. Nd5 Bxd5 12. exd5 Rc8 13. c4 Ne8 14. Bg4 e4 15.
Qxe4 Nef6 16. Qd4 Nxg4 17. Qxg4 Ne5 18. Qe2 Nxc4 19. Bd4 Bf6 20. Rab1 Bxd4 21.
Nxd4 Re8 22. Qd3 Qg5 23. b3 Ne5 24. Qh3 Qf4 25. Nf5 Ng4 1/2-1/2

[Event "ZICOSUR 2016"]
[Site "?"]
[Date "2016.01.07"]
[Round "5.17"]
[White "BULGARINI, Marco"]
[Black "TAPIA, Jaime"]
[Result "0-1"]
[WhiteElo "1989"]
[BlackElo "2288"]
[PlyCount "82"]
[EventDate "2016.??.??"]

1. e4 d5 2. exd5 Qxd5 3. Nc3 Qd8 4. Nf3 c6 5. Be2 Nf6 6. O-O Bg4 7. d4 e6 8.
Ne5 Bxe2 9. Nxe2 Be7 10. c4 O-O 11. Qb3 Qc8 12. c5 Nbd7 13. f4 b6 14. cxb6 Nxb6
15. Qf3 c5 16. Be3 Nbd5 17. Bf2 cxd4 18. Nxd4 Qb7 19. f5 Qxb2 20. fxe6 fxe6 21.
Nec6 Qb7 22. Rfe1 Bc5 23. Rac1 Nd7 24. Qe4 Rae8 25. Na5 Qa6 26. Nab3 Bb6 27.
Rc6 Rf4 28. Qxd5 exd5 29. Rxe8+ Rf8 30. Rxf8+ Nxf8 31. Nc5 Qxa2 32. h4 Bxc5 33.
Rxc5 Nd7 34. Rc8+ Kf7 35. Rc7 Ke8 36. Rc8+ Ke7 37. Nc6+ Kf6 38. Nxa7 Qa1+ 39.
Kh2 Ne5 40. Bg1 Ng4+ 41. Kh1 Qe1 0-1

[Event "Zicosur 2016"]
[Site "?"]
[Date "2016.01.07"]
[Round "5"]
[White "GARNIER, René"]
[Black "GONZALEZ, Diego"]
[Result "1-0"]
[WhiteElo "2178"]
[BlackElo "1942"]
[PlyCount "85"]
[EventDate "2016.??.??"]

1. Nf3 Nf6 2. c4 g6 3. Nc3 Bg7 4. e4 d6 5. d4 O-O 6. Be2 Na6 7. h3 e5 8. dxe5
dxe5 9. Be3 c6 10. O-O Qe7 11. Qc2 Nh5 12. Rfd1 Nf4 13. Bf1 f5 14. exf5 Bxf5
15. Qb3 Be6 16. Nd2 Kh8 17. Nde4 g5 18. Qa3 Qxa3 19. bxa3 g4 20. hxg4 Bxg4 21.
f3 Be6 22. Rab1 Rfb8 23. g3 Ng6 24. Rd6 Nf8 25. Rbd1 Bg8 26. Nf6 Bf7 27. Nce4
Bg6 28. Bh3 Nc7 29. a4 Ne8 30. Nxe8 Rxe8 31. a5 a6 32. Nc5 Rab8 33. Nd7 Nxd7
34. Rxd7 e4 35. f4 Bc3 36. f5 Bh5 37. R1d6 Rg8 38. Kf2 Be5 39. Rh6 Rxg3 40.
Rhxh7+ Kg8 41. Rxh5 Rf3+ 42. Ke2 c5 43. Bg2 1-0

[Event "Zicosur 2016"]
[Site "?"]
[Date "2016.01.07"]
[Round "5.19"]
[White "SOZA, Jose"]
[Black "MARIN, Roque"]
[Result "1-0"]
[WhiteElo "2252"]
[BlackElo "2099"]
[PlyCount "111"]
[EventDate "2016.??.??"]

1. c4 Nf6 2. g3 g6 3. Bg2 Bg7 4. Nc3 O-O 5. Nf3 d6 6. O-O c5 7. d3 Nc6 8. a3
Bf5 9. Rb1 a5 10. h3 Ne8 11. Ne1 Nc7 12. Nc2 Qc8 13. Kh2 Rb8 14. Bd2 Nd4 15. b4
axb4 16. axb4 b6 17. Ne3 Bd7 18. b5 Nf5 19. Nxf5 Bxf5 20. Ra1 h5 21. h4 Bd7 22.
Ra7 Be5 23. Qa4 Bg4 24. Re1 Bd4 25. e3 Be5 26. Qb3 Re8 27. Ne4 Ne6 28. Bc3 Bf5
29. f4 Bxc3 30. Qxc3 Ng7 31. Ng5 Bg4 32. Bd5 Ne6 33. Nxe6 Bxe6 34. Bc6 f6 35.
e4 Qd8 36. f5 Bf7 37. fxg6 Bxg6 38. Bxe8 Bxe8 39. Qd2 Kh7 40. Qf4 Bd7 41. Rea1
Kg6 42. R1a2 Bg4 43. Kg2 Bc8 44. Kf2 Bg4 45. Ke1 Bc8 46. Kd2 Bg4 47. Kc2 Bc8
48. Ra8 Bg4 49. Rxb8 Qxb8 50. Kd2 Qb7 51. Ke1 Bc8 52. Kf2 Qd7 53. Qf5+ Qxf5+
54. exf5+ Bxf5 55. Ke3 Bh3 56. Ra6 1-0

[Event "Zicosur 2016"]
[Site "?"]
[Date "2016.01.07"]
[Round "5.38"]
[White "BALLADARES, Luis"]
[Black "DOBUCHAK, Thiago"]
[Result "0-1"]
[WhiteElo "1678"]
[BlackElo "2059"]
[PlyCount "144"]
[EventDate "2016.??.??"]

1. d4 Nf6 2. c4 g6 3. Nc3 Bg7 4. e4 d6 5. f3 O-O 6. Be3 c6 7. Bd3 a6 8. Nge2 b5
9. Qd2 Nbd7 10. g4 bxc4 11. Bxc4 d5 12. Bd3 dxe4 13. Nxe4 Rb8 14. h4 Nxe4 15.
Bxe4 c5 16. h5 cxd4 17. Nxd4 Nf6 18. hxg6 fxg6 19. Bc2 Qd6 20. O-O-O Bb7 21.
Bh6 Rf7 22. Bxg7 Rxg7 23. Rh3 Bd5 24. Bb3 Bxb3 25. Nxb3 Rc8+ 26. Kb1 Qxd2 27.
Rxd2 Rf7 28. Rc2 Rxc2 29. Kxc2 e5 30. g5 Nd5 31. Nd2 Nf4 32. Rh2 Ne6 33. Ne4
Nd4+ 34. Kd3 Nxf3 35. Rh3 Ne1+ 36. Kc4 Ng2 37. Kc5 Nf4 38. Rh2 Kg7 39. Kd6 Rf5
40. Rc2 h5 41. Rc7+ Rf7 42. Rc8 h4 43. Nf6 Rxf6+ 44. gxf6+ Kxf6 45. b4 Nd3 46.
Rc4 Kg5 47. a4 h3 48. Rc8 Nxb4 49. Kxe5 Nd3+ 50. Kd4 Nf2 51. Rh8 Kg4 52. a5 Kg3
53. Rh6 h2 54. Kc5 Nh3 55. Rxg6+ Kf4 56. Rf6+ Ke5 57. Rxa6 h1=Q 58. Rc6 Qg1+
59. Kb5 Kd5 60. Rc7 Kd6 61. Rc6+ Kd7 62. Rc5 Qg8 63. a6 Nf4 64. a7 Qa8 65. Ka6
Nd5 66. Rc4 Ne7 67. Rb4 Qc8+ 68. Kb5 Qb7+ 69. Kc4 Qxa7 70. Kd3 Qa3+ 71. Kc4 Nc6
72. Rb5 Qa4+ 0-1

[Event "ZICOSUR 2016"]
[Site "?"]
[Date "2016.01.07"]
[Round "5"]
[White "LLORENS, MARCELO."]
[Black "GOMEZ, JAFET."]
[Result "1-0"]
[WhiteElo "2286"]
[BlackElo "2088"]
[PlyCount "123"]
[EventDate "2016.??.??"]

1. e4 e6 2. d4 d5 3. Nc3 Nf6 4. e5 Nfd7 5. f4 c5 6. Nf3 Nc6 7. Be3 Qb6 8. a3
cxd4 9. Nxd4 Bc5 10. Na4 Qa5+ 11. c3 Bxd4 12. Bxd4 Nxd4 13. Qxd4 b6 14. Qb4
Qxb4 15. cxb4 g5 16. g3 gxf4 17. gxf4 Rg8 18. Bd3 Rg4 19. Rf1 Rh4 20. Nc3 a6
21. O-O-O Bb7 22. Rde1 Ke7 23. Rf2 Rg8 24. Ne2 Rh3 25. Ng3 Rh4 26. Kb1 Rgg4 27.
Ref1 d4 28. Be2 Rg8 29. Rd1 f6 30. exf6+ Nxf6 31. Rxd4 Ng4 32. Bxg4 Rgxg4 33.
Kc1 h5 34. Kd2 Rh3 35. Rc4 Bd5 36. Rc7+ Kd6 37. Rh7 h4 38. Nf1 Rg2 39. Rxg2
Bxg2 40. Ne3 Rxh2 41. Rh6 Bd5+ 42. Kc3 h3 43. f5 Rf2 44. Rxh3 exf5 45. Rh6+ Ke5
46. Nxd5 Kxd5 47. Rxb6 Rf3+ 48. Kc2 Kc4 49. b3+ Kd4 50. Rd6+ Ke4 51. Rxa6 Rf2+
52. Kc3 f4 53. b5 Kd5 54. Rf6 Kc5 55. Rf5+ Kb6 56. Kb4 f3 57. a4 Kc7 58. a5 Rf1
59. Rf7+ Kd6 60. b6 f2 61. a6 Ra1 62. b7 1-0

[Event "Zicosur 2016"]
[Site "?"]
[Date "2016.01.07"]
[Round "5.40"]
[White "TORRES, Pablo"]
[Black "SAUVAGEOT, Diego"]
[Result "1/2-1/2"]
[WhiteElo "1802"]
[BlackElo "2006"]
[PlyCount "114"]
[EventDate "2016.??.??"]

1. e4 c5 2. Nf3 e6 3. d4 cxd4 4. Nxd4 Nf6 5. Nc3 d6 6. Bg5 Be7 7. Qd2 a6 8. Be2
Qc7 9. f3 Nbd7 10. a4 b6 11. O-O Bb7 12. Kh1 Rc8 13. Rfd1 O-O 14. Qe3 Qc5 15.
Qd2 Rfe8 16. Be3 Qc7 17. Qe1 Nf8 18. Qf1 Ra8 19. Qf2 d5 20. exd5 Nxd5 21. Nxd5
Bxd5 22. c3 Nd7 23. Rd2 Bd6 24. g3 Nf6 25. Kg1 Bb7 26. Rad1 Bf8 27. Nc2 Nd5 28.
Rxd5 Bxd5 29. Bxb6 Qb7 30. a5 Bb3 31. Rd2 e5 32. Ne3 Be6 33. Bd3 Bd7 34. Nd5
Rac8 35. Qe2 Bc5+ 36. Kg2 e4 37. Bxe4 Qb8 38. Qd3 h6 39. Qxa6 f5 40. Bxc5 Rc6
41. Nb6 fxe4 42. Nxd7 exf3+ 43. Kf1 Rxa6 44. Nxb8 Rxb8 45. Bb6 Raa8 46. Kf2 Re8
47. Kxf3 Re1 48. Rd8+ Rxd8 49. Bxd8 Kf7 50. Bb6 Ke6 51. Bd4 g6 52. a6 Kd5 53.
a7 Re8 54. Be3 Ra8 55. b3 Rf8+ 56. Kg4 Ra8 57. Bd4 Re8 1/2-1/2

[Event "Zicosur 2016"]
[Site "?"]
[Date "2016.01.07"]
[Round "5.11"]
[White "SANCHEZ, Gonzalo"]
[Black "LOPEZ, Hugo"]
[Result "0-1"]
[WhiteElo "2247"]
[BlackElo "2426"]
[PlyCount "110"]
[EventDate "2016.??.??"]

1. Nf3 Nf6 2. c4 c5 3. Nc3 g6 4. d4 Bg7 5. e4 d6 6. Be2 O-O 7. O-O cxd4 8. Nxd4
Nc6 9. Be3 Bd7 10. Qd2 Qa5 11. Nb3 Qb4 12. f3 a5 13. c5 a4 14. Nc1 a3 15. Nd3
Qa5 16. Rac1 Rfd8 17. cxd6 exd6 18. b4 Nxb4 19. Nxb4 Qxb4 20. Rb1 Qa5 21. Bb6
Qe5 22. Bxd8 Rxd8 23. Rfd1 Bc6 24. Rb3 d5 25. f4 Qe7 26. e5 Ne8 27. Kh1 Nc7 28.
Bf3 Bf8 29. Re1 Bh6 30. g3 Bf8 31. Ne2 d4 32. Kg2 Ne6 33. Rd3 Bb5 34. Rb3 Bc6
35. Rd3 Qd7 36. Rd1 Ba4 37. Rb1 Bb5 38. Rdb3 Bc6 39. Rd3 Bc5 40. Rd1 h5 41. h4
b6 42. f5 gxf5 43. Nf4 Ng7 44. Kh2 Be4 45. Rb3 Qe7 46. Nxh5 Nxh5 47. Bxh5 d3
48. Qf4 Bd4 49. Rbxd3 Bxd3 50. Rxd3 Bg1+ 51. Kxg1 Rxd3 52. Kg2 Qb7+ 53. Bf3
Qxf3+ 54. Qxf3 Rxf3 55. Kxf3 b5 0-1

[Event "Zicosur 2016"]
[Site "?"]
[Date "2016.01.08"]
[Round "6.38"]
[White "BARRERA, Victor Hugo"]
[Black "PUPPI, Jorge"]
[Result "0-1"]
[WhiteElo "1785"]
[BlackElo "2139"]
[PlyCount "48"]
[EventDate "2016.??.??"]
[SourceDate "2016.01.08"]

1. d4 Nf6 2. Nf3 c5 3. e3 cxd4 4. exd4 g6 5. Bd3 Bg7 6. O-O O-O 7. c3 d5 8. Bf4
Nc6 9. h3 a6 10. Nbd2 Re8 11. Re1 Nd7 12. Qc2 e5 13. dxe5 Ndxe5 14. Nxe5 Nxe5
15. Bxe5 Rxe5 16. Nf3 Rxe1+ 17. Rxe1 b5 18. Rd1 Bb7 19. Bf1 Rc8 20. Qb3 Qd7 21.
Qb4 Re8 22. b3 Rc8 23. Nd4 Qc7 24. Re1 Bf8 0-1

[Event "Zicosur 2016"]
[Site "?"]
[Date "2016.01.08"]
[Round "6.18"]
[White "VERA SIGUEÑAS, Deivy"]
[Black "HURTADO, Rodrigo"]
[Result "1-0"]
[WhiteElo "2498"]
[BlackElo "2133"]
[PlyCount "49"]
[EventDate "2016.??.??"]
[SourceDate "2016.01.08"]

1. e4 c5 2. Nf3 Nc6 3. c4 e5 4. Be2 d6 5. O-O f5 6. exf5 Bxf5 7. Nc3 Nf6 8. Ne1
Be7 9. Nc2 O-O 10. d3 Nd4 11. Bg5 Ne8 12. Bxe7 Qxe7 13. Nxd4 cxd4 14. Nd5 Qd8
15. Qb3 Kh8 16. f4 Nf6 17. Nxf6 Rxf6 18. Qxb7 Rb8 19. Qxa7 Rxb2 20. fxe5 dxe5
21. Rab1 Rxb1 22. Rxb1 Rf8 23. Qc5 Re8 24. Bf1 Qg5 25. Qxe5 1-0

[Event "Zicosur2016"]
[Site "?"]
[Date "2016.01.08"]
[Round "6.48"]
[White "AGUIRRE, Joaquín"]
[Black "RIQUELME, Nicolás"]
[Result "1-0"]
[WhiteElo "1557"]
[BlackElo "1847"]
[PlyCount "91"]
[EventDate "2016.??.??"]
[SourceDate "2016.01.08"]

1. e4 c5 2. Nf3 d6 3. d4 cxd4 4. Nxd4 Nf6 5. Nc3 Nc6 6. Bg5 Bd7 7. f4 h6 8. Bh4
Qb6 9. Nb3 Qe3+ 10. Qe2 Qxe2+ 11. Bxe2 e6 12. O-O-O Be7 13. Bxf6 gxf6 14. Nb5
Rc8 15. Kb1 a6 16. Nxd6+ Bxd6 17. Rxd6 Ke7 18. Rhd1 Rhd8 19. Bh5 Be8 20. Rxd8
Nxd8 21. Bf3 Ba4 22. Rd2 Bxb3 23. axb3 e5 24. g3 Ne6 25. Bg4 Rc7 26. Bxe6 Kxe6
27. f5+ Ke7 28. c3 Rc8 29. Rd3 Rg8 30. h3 h5 31. Ka2 h4 32. g4 Rc8 33. Ka3 Rc7
34. Kb4 Kf8 35. c4 Kg7 36. Ka5 Kh6 37. Kb6 Re7 38. Kc5 Kg5 39. Kd6 Re8 40. Kd7
Ra8 41. Rf3 b5 42. c5 Ra7+ 43. Kd6 Ra8 44. c6 Rd8+ 45. Ke7 Ra8 46. c7 1-0

[Event "ZICOSUR 2016"]
[Site "?"]
[Date "2016.01.08"]
[Round "6.40"]
[White "ESTRADA, Cristian"]
[Black "BALLADARES, Luis"]
[Result "1-0"]
[WhiteElo "1996"]
[BlackElo "1678"]
[PlyCount "71"]
[EventDate "2016.??.??"]
[SourceDate "2016.01.08"]

1. d4 Nf6 2. c4 e6 3. Nf3 d5 4. Nc3 Be7 5. cxd5 exd5 6. Bg5 O-O 7. e3 Bf5 8.
Bxf6 Bxf6 9. Qb3 Qc8 10. Nxd5 Bd8 11. Nc3 Nd7 12. Be2 c6 13. O-O h5 14. Rad1 a5
15. e4 Bg4 16. h3 Be6 17. Qc2 Nf6 18. Ng5 g6 19. f4 b5 20. Nxe6 Qxe6 21. f5
gxf5 22. Rxf5 b4 23. Re5 Qd7 24. Na4 Re8 25. Nc5 Qc7 26. Rg5+ Kh8 27. e5 Nh7
28. Rxh5 f6 29. Bd3 Re7 30. exf6 Rf7 31. Bxh7 Rxh7 32. Qg6 Rxh5 33. Qe8+ Kh7
34. Qxh5+ Kg8 35. Qg6+ Kh8 36. f7 1-0

[Event "Zicosur 2016"]
[Site "?"]
[Date "2016.01.08"]
[Round "6.16"]
[White "CONDORI, Edwin"]
[Black "OBREGON, Carlos"]
[Result "0-1"]
[WhiteElo "2112"]
[BlackElo "2530"]
[PlyCount "40"]
[EventDate "2016.??.??"]
[SourceDate "2016.01.08"]

1. Nf3 d5 2. d4 Nf6 3. c4 c6 4. Nc3 dxc4 5. a4 Bf5 6. e3 e6 7. Bxc4 Bb4 8. O-O
O-O 9. h3 Nbd7 10. Qe2 Ne4 11. Nxe4 Bxe4 12. Nd2 Bg6 13. Nb3 a5 14. e4 e5 15.
dxe5 Nxe5 16. f4 Nxc4 17. Qxc4 b5 18. Qc2 bxa4 19. Rxa4 Qb6+ 20. Rf2 Be1 0-1

[Event "ZICOSUR 2016"]
[Site "?"]
[Date "2016.01.08"]
[Round "6.22"]
[White "ROMERO, Diego"]
[Black "VERGARA, Felipe"]
[Result "1/2-1/2"]
[WhiteElo "2246"]
[BlackElo "2114"]
[PlyCount "56"]
[EventDate "2016.??.??"]
[SourceDate "2016.01.08"]

1. e4 c5 2. Nf3 Nc6 3. d4 cxd4 4. Nxd4 Nf6 5. Nc3 e5 6. Ndb5 d6 7. Bg5 a6 8.
Na3 b5 9. Bxf6 gxf6 10. Nd5 f5 11. Bd3 Be6 12. c3 Bxd5 13. exd5 Ne7 14. Nxb5
Bg7 15. Na3 O-O 16. O-O e4 17. Bc2 Rb8 18. Rb1 Qa5 19. Qh5 Qxd5 20. Bb3 Qc5 21.
Rbd1 Rb6 22. Nc2 d5 23. Ne3 Rh6 24. Qg5 Qc7 25. h3 Rg6 26. Qh5 Rh6 27. Qg5 Rg6
28. Qh5 Rh6 1/2-1/2

[Event "ZICOSUR 2016"]
[Site "?"]
[Date "2016.01.08"]
[Round "6.23"]
[White "JORQUERA CASTILLO, Gabriel"]
[Black "CERDA ALBORNOZ, Guillermo"]
[Result "0-1"]
[WhiteElo "1919"]
[BlackElo "2240"]
[PlyCount "80"]
[EventDate "2016.??.??"]
[SourceDate "2016.01.08"]

1. e4 c5 2. Nf3 Nc6 3. Bb5 e6 4. c3 Nf6 5. e5 Nd5 6. O-O a6 7. Ba4 b5 8. Bc2
Bb7 9. a3 Be7 10. d4 Qc7 11. Nbd2 f5 12. exf6 gxf6 13. Ne4 O-O-O 14. b4 c4 15.
Bd2 Rdg8 16. Qc1 h5 17. a4 h4 18. h3 f5 19. Nc5 Bxc5 20. bxc5 Nce7 21. Ne1 Rg7
22. f4 Rhg8 23. Rf2 Rg3 24. Kf1 Nxc3 25. Bxc3 Rxc3 26. Qb2 b4 27. Qxb4 Nd5 28.
Qb2 Rcg3 29. Rb1 c3 30. Qb3 Ne3+ 31. Ke2 Bd5 32. Qb6 Qxb6 33. cxb6 Nxg2 34. Nd3
Ne3 35. Rc1 Bc4 36. Bb1 Nd5 37. a5 Re3+ 38. Kf1 Bxd3+ 39. Bxd3 Rxd3 40. Rb1 Kb7
0-1

[Event "Zicosur 2016"]
[Site "?"]
[Date "2016.01.08"]
[Round "6.41"]
[White "BUZETA, Axel"]
[Black "CHANDIA, Omar"]
[Result "0-1"]
[WhiteElo "1783"]
[BlackElo "1995"]
[PlyCount "44"]
[EventDate "2016.??.??"]
[SourceDate "2016.01.08"]

1. e4 c5 2. Nf3 e6 3. Nc3 Qb6 4. d4 Nf6 5. e5 cxd4 6. Nxd4 Bc5 7. Be3 Nd5 8.
Ne4 Nxe3 9. fxe3 Qxb2 10. c3 O-O 11. Nb5 Bb6 12. Bc4 Qxg2 13. Ng3 Nc6 14. Bd3
Bxe3 15. Bxh7+ Kh8 16. Qc2 Qxc2 17. Bxc2 Nxe5 18. h4 b6 19. Rh3 Bh6 20. Rd1 d5
21. Ne2 Ba6 22. Ned4 Bxb5 0-1

[Event "Zicosur 2016"]
[Site "?"]
[Date "2016.01.08"]
[Round "6.24"]
[White "DOBUCHAK, Thiago"]
[Black "GARCIA, Pedro"]
[Result "1-0"]
[WhiteElo "2059"]
[BlackElo "2234"]
[PlyCount "121"]
[EventDate "2016.??.??"]
[SourceDate "2016.01.08"]

1. e4 c5 2. Nf3 d6 3. d4 cxd4 4. Nxd4 Nf6 5. Nc3 a6 6. Qf3 e6 7. g4 Be7 8. Be3
Qc7 9. O-O-O b5 10. g5 Nfd7 11. h4 b4 12. Nce2 Ne5 13. Qg3 Nc4 14. Kb1 Nxe3 15.
Qxe3 Nd7 16. f4 Bb7 17. Bh3 Nc5 18. Ng3 d5 19. exd5 Bxd5 20. Rhe1 O-O 21. Ndf5
exf5 22. Rxd5 Ne6 23. Bxf5 Bc5 24. Qd2 Rad8 25. Bxe6 fxe6 26. Rxe6 Rxd5 27.
Qxd5 Kh8 28. Ne2 Rc8 29. Qe4 Qd7 30. Nc1 a5 31. f5 a4 32. Nd3 a3 33. Re5 Bf8
34. g6 Qa7 35. Re8 Qd7 36. Rxc8 Qxc8 37. Nxb4 axb2 38. Kxb2 Bxb4 39. Qxb4 hxg6
40. fxg6 Qd8 41. a4 Qf6+ 42. c3 Qxg6 43. a5 Qg2+ 44. Ka3 Qh1 45. Qc4 Qa1+ 46.
Kb4 Qb1+ 47. Kc5 Qf5+ 48. Kb6 Qf6+ 49. Kb7 Qe7+ 50. Qc7 Qe4+ 51. Kb8 Qa4 52. a6
Qb5+ 53. Ka7 Kh7 54. c4 Qf5 55. c5 Qf2 56. Kb7 Qf3+ 57. c6 Qb3+ 58. Qb6 Qf7+
59. c7 Qd5+ 60. Qc6 Qb3+ 61. Ka8 1-0

[Event "ZICOSUR 2016"]
[Site "?"]
[Date "2016.01.08"]
[Round "6.33"]
[White "GONZALES CULI, Diego"]
[Black "CHAVEZ, Bastián"]
[Result "0-1"]
[WhiteElo "1941"]
[BlackElo "2094"]
[PlyCount "100"]
[EventDate "2016.??.??"]
[SourceDate "2016.01.08"]

1. d4 Nf6 2. c4 e6 3. Nc3 Bb4 4. a3 Bxc3+ 5. bxc3 O-O 6. f3 d5 7. e3 c5 8. cxd5
Nxd5 9. c4 Ne7 10. Bd3 Nbc6 11. Ne2 cxd4 12. exd4 b6 13. Bb2 Ba6 14. Qc2 Nf5
15. Bxf5 exf5 16. O-O Na5 17. c5 Re8 18. Rfe1 Qh4 19. Bc3 f4 20. Bxa5 bxa5 21.
Qd2 Bxe2 22. Rxe2 Rxe2 23. Qxe2 Qf6 24. Qe4 Rd8 25. Rd1 g5 26. d5 Qc3 27. c6
Qc5+ 28. Qd4 Rxd5 29. Qxc5 Rxc5 30. Rd7 Rxc6 31. Rxa7 Rc5 32. Kf2 Kg7 33. g3
fxg3+ 34. Kxg3 Kg6 35. h4 gxh4+ 36. Kxh4 Rc4+ 37. Kg3 Ra4 38. Ra6+ f6 39. Kh3
Rxa3 40. Kg3 h5 41. Ra8 Ra4 42. Rg8+ Kf5 43. Rh8 h4+ 44. Kh3 Ke5 45. Re8+ Kd5
46. Rf8 Rf4 47. Ra8 a4 48. Ra5+ Kc6 49. Kg2 Kb6 50. Ra8 Kb5 0-1

[Event "zicosur 2016"]
[Site "?"]
[Date "2016.01.08"]
[Round "6.36"]
[White "GÓMEZ CÁCERES, Jafet"]
[Black "TORRES CHAVEZ, Pablo"]
[Result "1-0"]
[WhiteElo "2088"]
[BlackElo "1802"]
[PlyCount "89"]
[EventDate "2016.??.??"]
[SourceDate "2016.01.08"]

1. d4 Nf6 2. Nf3 g6 3. g3 Bg7 4. Bg2 d6 5. c4 Nc6 6. Nc3 a6 7. O-O Rb8 8. d5
Na5 9. Qa4+ c6 10. dxc6 Nxc6 11. Nd4 Bd7 12. Nxc6 Qc7 13. Qa5 b6 14. Qxa6 Bxc6
15. Nb5 Qd7 16. Be3 O-O 17. Bxc6 Qxc6 18. Nd4 Qe4 19. Qa3 Ng4 20. Qd3 Qb7 21.
f3 Ne5 22. Qb3 Rfc8 23. Rac1 Qd7 24. Kg2 h5 25. h4 Rb7 26. Nb5 Qc6 27. Nd4 Qc7
28. Nb5 Qc6 29. Bd4 Nxc4 30. Bxg7 Kxg7 31. Na3 b5 32. Qc3+ Ne5 33. Qd4 Qxc1 34.
Rxc1 Rxc1 35. f4 b4 36. fxe5 bxa3 37. exd6+ Kh7 38. Qd5 axb2 39. Qxf7+ Kh8 40.
dxe7 Rc8 41. Qf6+ Kh7 42. Qf7+ Kh8 43. e8=Q+ Rxe8 44. Qxb7 Rxe2+ 45. Kf3 1-0

[Event "ZICOSUR 2016"]
[Site "?"]
[Date "2016.01.08"]
[Round "6.55"]
[White "SANCHEZ, Benjamin"]
[Black "TORREALBA, Dario"]
[Result "1-0"]
[WhiteElo "1350"]
[BlackElo "1933"]
[PlyCount "51"]
[EventDate "2016.??.??"]
[SourceDate "2016.01.08"]

1. e4 e6 2. d4 d5 3. e5 c5 4. Nf3 Nc6 5. c3 Qb6 6. Bd3 Bd7 7. Bc2 Nge7 8. g4
cxd4 9. cxd4 Rc8 10. O-O Ng6 11. a3 h5 12. gxh5 Rxh5 13. Ng5 Rh4 14. Qf3 Ngxe5
15. dxe5 Nxe5 16. Qe2 Qc7 17. Nc3 f6 18. f4 Nc4 19. Nxe6 Bxe6 20. Qxe6+ Kd8 21.
Qxd5+ Bd6 22. Qg8+ Kd7 23. Qxg7+ Kc6 24. Qg2+ Kd7 25. Bf5+ Ke8 26. Qg8+ 1-0

[Event "ZICOSUR 2016"]
[Site "?"]
[Date "2016.01.08"]
[Round "6.15"]
[White "TAPIA, Jaime"]
[Black "CHRISTIE, Ian"]
[Result "1-0"]
[WhiteElo "2288"]
[BlackElo "1768"]
[PlyCount "57"]
[EventDate "2016.??.??"]
[SourceDate "2016.01.08"]

1. Nf3 c5 2. g3 Nf6 3. Bg2 g6 4. O-O Bg7 5. c3 O-O 6. d4 cxd4 7. cxd4 d5 8. Nc3
Nc6 9. Bf4 Nh5 10. Be3 Nf6 11. h3 Bf5 12. Rc1 Ne4 13. Nh4 Nxc3 14. Rxc3 Be6 15.
Nf3 h6 16. Qd2 Kh7 17. Rfc1 Qd7 18. h4 Rfc8 19. Ne1 Bh3 20. Bh1 e5 21. Nc2 e4
22. Bf4 f6 23. f3 g5 24. hxg5 hxg5 25. Be3 exf3 26. Bxf3 Qd6 27. Kf2 Kg6 28.
Qd3+ Bf5 29. Bh5+ 1-0